=LDR 00000nam 2200000 4500 =001 INLIS000000000016893 =005 20130612112122 =008 ***********************************Ind** =035 ##$$0010-061300000016893 =041 ##$$a Ind =082 ##$$a 620.004 4 =090 ##$$a 620.004 4, Sri i =100 ##$$a Sri Widharto =245 ##$$a Instrospeksi teknik, Sri Widharto =260 ##$$a 2000 $b Jakarta =300 ##$$a ...jil, ilus, 23 cm =650 ##$$a Ispeksi Teknik =850 ##$$a NBPNMAT